Les alertes alimentàries i les administracions locals : dijous, 11 de desembre de 2008 dijous, 11 de desembre de 2008
Publicado:
[Barcelona] :
Generalitat de Catalunya. Agència Catalana de Seguretat Alimentària: Agència de Protecció de la Salut: Diputació de Barcelona, [2008]
Descripción Física:
1 díptic ; 20 cm
MARC
| LEADER | 00000nam a2200000Ia 4500 | ||
|---|---|---|---|
| 001 | 24551 | ||
| 003 | BGR | ||
| 005 | 20260324180617.0 | ||
| 008 | 160829s9999 xx 000 0 cat d | ||
| 080 | |a FU-67-46 | ||
| 245 | |a Les alertes alimentàries i les administracions locals : |b dijous, 11 de desembre de 2008 | ||
| 260 | |a [Barcelona] : |b Generalitat de Catalunya. Agència Catalana de Seguretat Alimentària: |b Agència de Protecció de la Salut: |b Diputació de Barcelona, [2008] | ||
| 300 | |a 1 díptic ; |c 20 cm | ||
| 650 | |a Seguretat alimentària |9 50064 | ||
| 650 | |a Governs locals |9 50065 | ||
| 710 | 1 | |a Barcelona (Catalunya : Província). |b Diputació |9 52408 | |
| 710 | 1 | |a Agència Catalana de Seguretat Alimentària |9 68748 | |
| 901 | |a Arxiu | ||
| 942 | |n 1 |2 udc |c MON | ||
| 952 | |0 0 |1 0 |4 0 |6 FU6746 |7 1 |9 55765 |a Arxiu |b Arxiu |d 2016-12-01 |l 0 |o FU-67-46 |p 24551 |r 2016-12-01 00:00:00 |w 2016-12-01 |y ARXIU | ||
| 999 | |c 59638 |d 59638 | ||